000 01261nam a22002777a 4500
001 7789
003 FISKH
005 20250806151918.0
008 250806b cb ||||| |||| 00| 0 eng d
020 _a9780545946025
040 _aFISKH
_beng
_cFISKH
_dFISKH
050 _aPZ7.W65535 G
082 _a813.6
100 _aWillems, Mo
245 _aGoldilocks and the three dinosuars /
_cAs retold by Mo Willems
250 _aFirst Scholastic printing, January 2016
260 _aNew York :
_bScholastic ,
_c2012.
300 _a40 unnumbered pages :
_bcolor illustrations ;
_c20 cm .
505 _aJ
520 _aOnce upon a time, there were three hungry Dinosaurs: Papa Dinosaur, Mama Dinosaur . . . and a Dinosaur who happened to be visiting from Norway. One day--for no particular reason--they decided to tidy up their house, make the beds, and prepare pudding of varying temperatures. And then--for no particular reason--they decided to go . . . someplace else. They were definitely not setting a trap for some succulent, unsupervised little girl. Definitely not!.
521 8 _a500
_bLexile estimate
521 8 _aJ
_bRaz-Plus
650 _aFractured fairy tales
_vFiction
700 _aRago ,Martha
_eDesign
942 _2ddc
_cBK
_n0
999 _c7789
_d7789